Case of salmonella spp. resistant to antibiotics in nursery pig in boeng krum commune, lvea aem district, kandal province, ករណី SALMONELLA SPP. ស៊ាំនឹងអង់ទីប៊ីយ៉ូទិកលើកូនជ្រូក នៅឃុំបឹងគ្រុំ ស្រុកល្វាឯម ខេត្តកណ្ដាល (Record no. 25823)

000 -LEADER
fixed length control field 00634nam a22001217a 4500
040 ## - CATALOGING SOURCE
Transcribing agency RUA
082 ## - DEWEY DECIMAL CLASSIFICATION NUMBER
Classification number AVM CHU 2025 B705 Or.1
100 ## - MAIN ENTRY--AUTHOR NAME
Personal name CHUON SAVEUN, ជួន សាវឺន
245 ## - TITLE STATEMENT
Title Case of salmonella spp. resistant to antibiotics in nursery pig in boeng krum commune, lvea aem district, kandal province, ករណី SALMONELLA SPP. ស៊ាំនឹងអង់ទីប៊ីយ៉ូទិកលើកូនជ្រូក នៅឃុំបឹងគ្រុំ ស្រុកល្វាឯម ខេត្តកណ្ដាល
260 ## - PUBLICATION, DISTRIBUTION, ETC. (IMPRINT)
Place of publication PHNOM PENH
Name of publisher RUA
Year of publication 2025
300 ## - PHYSICAL DESCRIPTION
Number of Pages x,32p.
Other physical details ill.
Dimensions 29cm.
942 ## - ADDED ENTRY ELEMENTS (KOHA)
Koha item type AVM
952 ## - LOCATION AND ITEM INFORMATION (KOHA)
Withdrawn status [LOCAL, KOHA] 0
952 ## - LOCATION AND ITEM INFORMATION (KOHA)
Withdrawn status [LOCAL, KOHA] 0
Holdings
Permanent Location Date acquired Koha item type Lost status Shelving location Barcode Current Location Full call number
Library Block B2026-05-26AVM B705B712249Library Block BAVM CHU 2025 B705 Or.2
Library Block B2026-05-26AVM B705B712218Library Block DAVM CHU 2025 B705 Or.1
មជ្ឈមណ្ឌលឯការនៃសាកលវិទ្យាល័យភូមិន្ទកសិកម្មចំការដូង

Powered by Koha